[Event "Oberliga Nord W 1617"]
[Site "Germany"]
[Date "2016.10.16"]
[Round "1.8"]
[White "Streich, Gerhard"]
[Black "Cohrs, Joerg Artur"]
[Result "1/2-1/2"]
[WhiteElo "2109"]
[BlackElo "1951"]
[PlyCount "95"]
[EventDate "2016.10.16"]
[EventType "team-tourn"]
[EventRounds "9"]
[EventCountry "GER"]
[SourceTitle "EXT 2018"]
[Source "ChessBase"]
[SourceDate "2017.10.13"]
[SourceVersion "1"]
[SourceVersionDate "2017.10.13"]
[SourceQuality "1"]
[WhiteTeam "Hannover SF"]
[BlackTeam "Uelzen Post"]
[WhiteTeamCountry "GER"]
[BlackTeamCountry "GER"]

1. d4 f5 2. Nf3 Nf6 3. e3 g6 4. Nbd2 Bg7 5. Be2 0-0 6. 0-0 b6 7. c4 Bb7 8. b3 c5 9. Ba3 d6 10. Ng5 Qd7 11. Bf3 Nc6 12. Bxc6 Qxc6 13. Ndf3 Bc8 14. Bb2 h6 15. d5 Qe8 16. Nh3 g5 17. Nd2 f4 18. Kh1 Bg4 19. Qc2 Bxh3 20. gxh3 Qh5 21. Qf5 Rf7 22. Rae1 Nh7 23. Qc2 Qxh3 24. Bxg7 Rxg7 25. Qe4 Rf8 26. exf4 Rxf4 27. Qe6+ Qxe6 28. Rxe6 h5 29. h3 g4 30. h4 Nf8 31. Rh6 Rf5 32. Ne4 g3 33. Ng5 Rxf2 34. Rxf2 gxf2 35. Kg2 Rg6 36. Rxg6+ Nxg6 37. Kxf2 Nxh4 38. Ne6 Kf7 39. Nf4 Nf5 40. Nxh5 Nd4 41. Ke3 Kg6 42. Nf4+ Kf5 43. Nd3 Nc2+ 44. Kd2 Nd4 45. Nf2 Kf4 46. Nd1 Ke4 47. Nf2+ Kf3 48. Nd1 1/2-1/2

[Event "Oberliga Nord W 1112"]
[Site "Germany"]
[Date "2012.04.15"]
[Round "9.6"]
[White "Cohrs, Joerg Artur"]
[Black "Schmidt, Dennis"]
[Result "0-1"]
[WhiteElo "2021"]
[BlackElo "2078"]
[PlyCount "90"]
[EventDate "2011.10.02"]
[EventType "team-tourn"]
[EventRounds "9"]
[EventCountry "GER"]
[SourceTitle "EXT 2013"]
[Source "ChessBase"]
[SourceDate "2012.11.22"]
[SourceVersion "1"]
[SourceVersionDate "2012.11.22"]
[SourceQuality "1"]
[WhiteTeam "Uelzen Post"]
[BlackTeam "Hameln"]
[WhiteTeamCountry "GER"]
[BlackTeamCountry "GER"]

1. e4 c5 2. Nc3 d6 3. Nge2 Nf6 4. d4 cxd4 5. Nxd4 e6 6. Be3 Be7 7. Be2 a6 8. f4 Qc7 9. a4 b6 10. 0-0 Bb7 11. Bf3 Nbd7 12. Nb3 Rc8 13. Kh1 Nc5 14. Nxc5 bxc5 15. Qe2 0-0 16. g4 d5 17. e5 d4 18. exf6 Bxf6 19. g5 Be7 20. Bd2 dxc3 21. Bxc3 Bd6 22. Qg2 Bd5 23. f5 Be5 24. fxe6 Bxe6 25. Bxe5 Qxe5 26. c3 Rb8 27. Rfe1 Qc7 28. Re2 Bc4 29. Re4 Bd5 30. Rh4 Bxf3 31. Qxf3 Rxb2 32. Qh3 Qc6+ 33. Kg1 Qg6 34. Rg4 Rfb8 35. Rf1 Rb1 36. Qe3 Qf5 37. Rgf4 Qxg5+ 38. Qg3 Qg6 39. Rg4 Rxf1+ 40. Kxf1 Qb1+ 41. Kg2 Rb2+ 42. Kh3 Qf1+ 43. Kh4 Qf6+ 44. Kh3 g6 45. Qe3 Qf1+ 0-1

[Event "Oberliga Nord W 1112"]
[Site "Germany"]
[Date "2012.02.26"]
[Round "7.7"]
[White "Cohrs, Joerg Artur"]
[Black "Ljubarskij, Jurij"]
[Result "0-1"]
[WhiteElo "2021"]
[BlackElo "2247"]
[PlyCount "104"]
[EventDate "2011.10.02"]
[EventType "team-tourn"]
[EventRounds "9"]
[EventCountry "GER"]
[SourceTitle "EXT 2013"]
[Source "ChessBase"]
[SourceDate "2012.11.22"]
[SourceVersion "1"]
[SourceVersionDate "2012.11.22"]
[SourceQuality "1"]
[WhiteTeam "Uelzen Post"]
[BlackTeam "Hannover"]
[WhiteTeamCountry "GER"]
[BlackTeamCountry "GER"]

1. e4 e5 2. Nc3 Nc6 3. Nf3 Nf6 4. d4 exd4 5. Nd5 Be7 6. Bc4 0-0 7. 0-0 d6 8. Nxd4 Nxd5 9. Bxd5 Nxd4 10. Qxd4 Bf6 11. Qd3 Qe7 12. c3 Re8 13. Bf4 Be5 14. Bg3 c6 15. Bb3 Bxg3 16. fxg3 Be6 17. Bc2 g6 18. Rf4 Rad8 19. Qe3 Qc7 20. Rd1 Qb6 21. Qxb6 axb6 22. a3 Kf8 23. h3 Ke7 24. Rf2 Ra8 25. Rfd2 Red8 26. Rd4 b5 27. Kf2 f6 28. Ke3 Ra6 29. R4d2 Bc4 30. Kf4 c5 31. h4 Rb6 32. Ra1 Be6 33. Ke3 b4 34. axb4 cxb4 35. cxb4 Rxb4 36. Bd3 d5 37. exd5 Rxd5 38. Rc1 Kd6 39. Rc3 Rbd4 40. Rcc2 Rxd3+ 41. Rxd3 Rxd3+ 42. Kxd3 Bf5+ 43. Kd2 Bxc2 44. Kxc2 Ke5 45. Kd3 Kf5 46. Kd4 Kg4 47. Kc5 Kxg3 48. Kb6 Kxg2 49. Kxb7 f5 50. b4 f4 51. b5 f3 52. b6 f2 0-1

[Event "Oberliga Nord W 1112"]
[Site "Germany"]
[Date "2012.01.15"]
[Round "5.7"]
[White "Cohrs, Joerg Artur"]
[Black "Rust Lux, Klaus"]
[Result "0-1"]
[WhiteElo "2021"]
[BlackElo "2071"]
[PlyCount "53"]
[EventDate "2011.10.02"]
[EventType "team-tourn"]
[EventRounds "9"]
[EventCountry "GER"]
[SourceTitle "EXT 2013"]
[Source "ChessBase"]
[SourceDate "2012.11.22"]
[SourceVersion "1"]
[SourceVersionDate "2012.11.22"]
[SourceQuality "1"]
[WhiteTeam "Uelzen Post"]
[BlackTeam "Bremer SG"]
[WhiteTeamCountry "GER"]
[BlackTeamCountry "GER"]

1. e4 c5 2. Nc3 Nc6 3. Nge2 e6 4. d4 cxd4 5. Nxd4 d6 6. Be3 Nf6 7. f3 a6 8. Qd2 Qc7 9. 0-0-0 Nxd4 10. Bxd4 e5 11. Be3 Be6 12. Kb1 Rc8 13. g4 h6 14. h4 b5 15. Rg1 b4 16. Nd5 Bxd5 17. exd5 Qb7 18. f4 exf4 19. Bxf4 Be7 20. Qd4 Rc5 21. Bg2 Qc7 22. Rge1 0-0 23. Bf3 Nh7 24. g5 Rc8 25. gxh6 Bf6 26. Qxb4 Rb8 27. Be5 0-1

[Event "Oberliga Nord W 1112"]
[Site "Germany"]
[Date "2011.10.23"]
[Round "2.8"]
[White "Cohrs, Joerg Artur"]
[Black "Langenfeld, Stefan"]
[Result "1/2-1/2"]
[WhiteElo "2021"]
[BlackElo "1943"]
[PlyCount "48"]
[EventDate "2011.10.02"]
[EventType "team-tourn"]
[EventRounds "9"]
[EventCountry "GER"]
[SourceTitle "EXT 2013"]
[Source "ChessBase"]
[SourceDate "2012.11.22"]
[SourceVersion "1"]
[SourceVersionDate "2012.11.22"]
[SourceQuality "1"]
[WhiteTeam "Uelzen Post"]
[BlackTeam "Salzgitter"]
[WhiteTeamCountry "GER"]
[BlackTeamCountry "GER"]

1. e4 c5 2. Nc3 Nc6 3. Nge2 g6 4. g3 Bg7 5. Bg2 e6 6. 0-0 Nge7 7. d3 0-0 8. Be3 d6 9. Kh1 Nd4 10. f4 Bd7 11. Qd2 Bc6 12. Bg1 Nxe2 13. Qxe2 Rc8 14. Rae1 Re8 15. Qd2 Qa5 16. d4 cxd4 17. Bxd4 Red8 18. Bxg7 Kxg7 19. Qd4+ Kg8 20. Qf6 Qc7 21. Ne2 d5 22. f5 e5 23. fxg6 Nxg6 24. exd5 Bxd5 1/2-1/2

[Event "Lueneburg distr-ch Vormeisterturnier"]
[Site "Buchholz in der Nordheide"]
[Date "2007.11.01"]
[Round "8.3"]
[White "Cohrs, Joerg Artur"]
[Black "Polzin, Jens Peter"]
[Result "1/2-1/2"]
[WhiteElo "1886"]
[BlackElo "1859"]
[PlyCount "63"]
[EventDate "2007.10.27"]
[EventType "swiss"]
[EventRounds "9"]
[EventCountry "GER"]
[SourceTitle "EXT 2015"]
[Source "ChessBase"]
[SourceDate "2014.11.20"]
[SourceVersion "1"]
[SourceVersionDate "2014.11.20"]
[SourceQuality "1"]

1. e4 c5 2. Nf3 Nc6 3. d4 cxd4 4. Nxd4 d6 5. Nc3 Nf6 6. Be3 e6 7. f3 Be7 8. Qd2 a6 9. g4 Qc7 10. g5 Nd7 11. h4 Nde5 12. Be2 b5 13. f4 Nd7 14. f5 Nc5 15. f6 gxf6 16. gxf6 Bxf6 17. Bxb5 axb5 18. Ndxb5 Qb6 19. Qxd6 Bxc3+ 20. Nxc3 Nxe4 21. Bxb6 Nxd6 22. Rd1 Nc4 23. Bc5 f5 24. b3 N4e5 25. Nb5 Kf7 26. a4 Rg8 27. Nd6+ Kf6 28. Ba3 Rg2 29. Bb2 Ke7 30. Ba3 Kf6 31. Bb2 Ke7 32. Ba3 1/2-1/2